LEADER 00976cam0-2200301 --450 001 9910477553103321 005 20210615085117.0 010 $a978-88-575-6979-6 100 $a20210615d2020----km y0itay50 ba 101 1 $aita$cger 102 $aIT 105 $ay 001yy 200 1 $aPlato amicus sed$eintroduzione ai dialoghi platonici$fFriedrich Nietzsche$ga cura di Piero Di Giovanni 210 $aMilano ; Udine$cMimesis$d2020 215 $a203 p.$d18 cm 225 1 $aMimesis. Piccola biblioteca$v9 454 0$12001$aEinleitung in das Studium der platonischen Dialoge$950014 610 0 $aPlatone$aDialoghi 676 $a184$v23$zita 700 1$aNietzsche,$bFriedrich$0178002 702 1$aDi Giovanni,$bPiero 801 0$aIT$bUNINA$gREICAT$2UNIMARC 901 $aBK 912 $a9910477553103321 952 $aCollez. 2824 (9)$b1063/2021$fFSPBC 959 $aFSPBC 996 $aEinleitung in das Studium der platonischen Dialoge$950014 997 $aUNINA